|
|
|
|
| LEADER |
01053nam a2200277 u 4500 |
| 001 |
10016723 |
| 003 |
upatras |
| 005 |
20210117205018.0 |
| 008 |
881025s1997 us eng |
| 020 |
|
|
|a 0849345758
|
| 040 |
|
|
|a GR-PaULI
|c GR-PaULI
|
| 041 |
0 |
|
|a eng
|
| 082 |
0 |
4 |
|a WE 705
|
| 245 |
1 |
0 |
|a Fundamentals of craniofacial growth
|c edited by Andrew D. Dixon, David A. N. Hoyte, Olli Ronning
|
| 260 |
|
|
|a New York
|b CRC Press
|c 1997
|
| 300 |
|
|
|a 497 p.
|b phot., fig.
|c 26 cm.
|
| 504 |
|
|
|a Includes index
|
| 650 |
|
4 |
|a Ανθρώπινη φυσιολογία
|9 1451
|
| 650 |
|
4 |
|a Κεφαλή, ανθρώπινη
|9 31861
|
| 700 |
1 |
|
|a Dixon, Andrew D.
|4 edt
|9 138217
|
| 700 |
1 |
|
|a Hoyte, David A.N.
|4 edt
|9 138218
|
| 700 |
1 |
|
|a Ronning, Olli
|9 138219
|
| 852 |
|
|
|a GR-PaULI
|b ΠΑΤΡΑ
|b ΙΑΤΡΙΚΗ
|k ΑΣΧΞ-10
|h WE 705 DIX
|m 3386
|p 025000026408
|t 1
|
| 942 |
|
|
|2 ddc
|c BK15
|
| 952 |
|
|
|0 0
|1 0
|4 0
|6 WE_705_000000000000000_DIX
|7 0
|9 165902
|a MEDI
|b MEDI
|d 2016-04-24
|i 3386
|l 0
|o WE 705 DIX
|p 025000026408
|r 2016-04-24 00:00:00
|t 1
|w 2016-04-24
|y BK15
|
| 999 |
|
|
|c 103937
|d 103937
|